000
00224 a2200097 4500
001
11266
100
_a
Lenezewski , G
245
_a
The Middle east in word affairs
260
_a
_b
Cornell University
_c
090
_c
8818
_d
8818
942
_a
NUST-CAE
_c
M
_c
35620
999
_c
246339
_d
246339